| 000 | 01015nam a2200241Ia 4500 | ||
|---|---|---|---|
| 003 | GCL | ||
| 008 | 140319s9999 xx 000 0 ara d | ||
| 020 | _a0088829953 | ||
| 040 |
_aGCL / _cGCL |
||
| 082 | 0 | 4 |
_a361.65 _bا د |
| 100 | 1 | _aعبدالفتاح العموصى | |
| 245 | 1 | 0 |
_aدولة الرفاهية الاجتماعية : _bبحوث ومناقشات الندوة الفكرية التى نظمها مركز دراسات الوحدة العربية بالتعاون مع المعهد السويدى بالاسكندرية / _cعبدالفتاح العموصى |
| 700 | 1 | _aاحمد السيد النجار | |
| 700 | 1 | _aمعتز عبدالفتاح | |
| 250 | _aالاولى | ||
| 260 |
_aبيروت : _bمركز دراسات الوحدة العربية ، _c2006 |
||
| 300 |
_a816 ص ؛ _c24 سم |
||
| 650 | 0 | 4 | _aالديمقراطية |
| 650 | 0 | 4 | _aالعولمة |
| 650 | 0 | 4 | _aالعالم العربى - الاحوال الاجتماعية |
| 650 | 0 | 4 | _aالرفاهية |
| 942 |
_2ddc _cBK |
||
| 999 |
_c8999 _d8999 |
||